000 01132cam a2200325 a 4500
001 560
005 20260227150013.0
020 _a0060540192
020 _a0060540206 (lib. bdg.)
040 _aDLC
_cDLC
_dDLC
_beng
050 0 0 _aPZ7.C8615
_bRe 2005
082 0 0 _a[Fic]
_222
100 1 _aCreech, Sharon.
245 1 0 _aReplay :
_ba new book /
_cby Sharon Creech.
250 _a1st ed.
260 _aNew York :
_bJoanna Cotler Books,
_c2005.
300 _a180, 31 pages ;
_c20 cm.
500 _aAt head of title: Joanna Cotler Books presents.
505 _aM
520 _aWhile preparing for a role in the school play, twelve-year-old Leo finds an autobiography that his father wrote as a teenager and ponders the ways people change as they grow up. Includes the text for the play, "Rumpopo's Porch."
521 _a780
_bLexile
521 _aM
_bRaz-Plus
650 1 _aConduct of life
_vFiction.
650 1 _aFamily life
_vFiction.
650 1 _aFathers and sons
_vFiction.
650 1 _aTheater
_vFiction.
650 1 _aSchools
_vFiction.
906 _a7
_bcbc
_corignew
_d1
_eecip
_f20
_gy-gencatlg
942 _2ddc
_cBK
_n0
999 _c560
_d560